| 000 | 00635cam a2200205 4500 | ||
|---|---|---|---|
| 001 | sa 68014519 | ||
| 003 | DLC | ||
| 005 | 20260227112632.0 | ||
| 008 | 700204s1968 ii a 00010 eng | ||
| 010 | _asa 68014519 //r87 | ||
| 025 | _aPL480:I-E-10575 | ||
| 050 | 0 |
_aQK490.I4 _bS5 |
|
| 082 | _a582.16/0954 | ||
| 100 | 1 | 0 |
_aSiṃha, Rājeśvaraprasāda Nārāyaṇa, _d1905- |
| 245 | 1 | 0 |
_aOur trees _c[by] R. P. N. Sinha. |
| 260 | 0 |
_a[Delhi] _bPublications Division, Ministry of Information and Broadcasting, Govt. of India _c[1968] |
|
| 300 |
_aviii, 82 p. _billus. (part col.) _c25 cm. |
||
| 350 | _a3.50 | ||
| 650 | 0 |
_aTrees _zIndia. |
|
| 999 |
_c85859 _d85859 |
||